01260nab a22002177a 4500999001500000003000400015005001700019008004100036040000700077100002400084245008400108300001200192500003300204505038200237505014300619505008900762650002300851650003000874773012500904942001301029 c5418d5418OSt20250321095510.0190502c xxu||||| |||| 00| 0 spa d cPJ aCarús, Juan9643910aDefraudación informática (art. 173, inc. 16, Cód. Penal) /cJuan Carús. ap. 3-18 aCita Online: AR/DOC/97/2025. aSumario: I. Bien jurídico tutelado.— II. ¿Qué clase de delito es la defraudación informática?— III. Tipo objetivo.— IV. Consumación.— V. Participación (complicidad primaria).— VI. Encubrimiento.— VII. Concursos.— VIII. Casuística.— IX. Cuestiones probatorias.— X. Falta de acción por reparación del daño.— XI. Cuestiones de competencia. tFallo comentado: CNFed. Crim. y Correc., sala I ~ 23/09/2024 ~ Maduro Moros, Nicolás s/ queja de la querella - recurso de queja N.º 6. t¿Te interesa el texto completo? Solicitalo al correo: koha@justierradelfuego.gov.ar 09343aDERECHO PENAL 09278aDELITOS INFORMATICOS0 0272993180dBuenos Aires : LexisNexis, 2006-tRevista de derecho penal y procesal penal. Nº 3 - Marzo 2025z9875920622 2udccANA